| 000 | 00834nam a22002057a 4500 | ||
|---|---|---|---|
| 999 |
_c4832 _d4832 |
||
| 003 | AR-CdUCM | ||
| 008 | 190311b ||||| |||| 00| 0 spa d | ||
| 040 |
_aMUNICIPALIDAD PROVINCIAL DEL CUSCO _cBIBLIOTECA MUNICIPAL DEL CUSCO |
||
| 082 |
_a910 / _bB38 |
||
| 100 |
_aInstituto Belga de Información y Documentación de Bruselas _914888 |
||
| 245 | _aBélgica en el corazón de Europa / | ||
| 260 |
_aBruselas : _bInstituto Belga de Información y Documentación, _c1974. |
||
| 300 |
_a135 paginas ; _bIlustraciones, _c16 cm. |
||
| 505 | _aEn el corazón de Europa -- Semblante de un país y de sus habitantes -- Ojeada sobre el pasado -- Los belgas en el mundo ... | ||
| 650 |
_aBélgica _914889 |
||
| 650 |
_aInstituciones y poderes _914890 |
||
| 650 |
_aInstituciones internacionales _914891 |
||
| 942 |
_2ddc _cLIBROS |
||
| 945 | _aacv | ||